| 000 | 01104cam a2200361 a 4500 | ||
|---|---|---|---|
| 001 | 15991203 | ||
| 003 | OSt | ||
| 005 | 20160510191414.0 | ||
| 008 | 091120s2011 maua 001 0 eng | ||
| 010 | _a 2009046235 | ||
| 020 | _a9780321663139 | ||
| 020 | _a0321663136 | ||
| 020 | _a9780321697684 | ||
| 020 | _a0321697685 | ||
| 035 | _a(OCoLC)ocn457158767 | ||
| 040 |
_aDLC _cDLC _dYDX _dYDXCP _dCDX _dDEBBG _dDLC |
||
| 050 | 0 | 0 |
_aQD251.3 _b.B78 2011 |
| 082 | 0 | 0 |
_a547 _222 |
| 084 |
_aCHE 600f _2stub |
||
| 084 |
_aVK 5010 _2rvk |
||
| 084 |
_a547 _2BRU 2001 |
||
| 100 | 1 |
_aBruice, Paula Yurkanis, _d1941- _98698 |
|
| 245 | 1 | 0 |
_aOrganic chemistry / _cPaula Yurkanis Bruice. |
| 250 | _a6th ed. | ||
| 260 |
_aBoston : _bPrentice Hall, _c2011. |
||
| 300 |
_axxxi, 1263, [72] p. : _bcol.ill ; _c29 cm. |
||
| 500 | _aIncludes index. | ||
| 650 | 0 |
_aChemistry, Organic _vTextbooks. _98582 |
|
| 655 | 7 |
_aLehrbuch. _2swd _98699 |
|
| 906 |
_a7 _bcbc _corignew _d1 _eecip _f20 _gy-gencatlg |
||
| 942 |
_2ddc _cSLOAN |
||
| 999 |
_c3975 _d3975 |
||